| 000 | 00764 a2200253 4500 | ||
|---|---|---|---|
| 001 | 200425035 | ||
| 003 | TR-AnTOB | ||
| 005 | 20240902093423.0 | ||
| 008 | 160831e2015 tu 000 0 | ||
| 020 | _a9789944562065 | ||
| 040 |
_aTRTER _btur _erda _cTR-AnTOB |
||
| 041 | _atur | ||
| 050 | 0 |
_aKKX860.3 _bS26 2015 |
|
| 090 | _aKKX860.3 S26 2015 | ||
| 100 | 1 |
_aSapanoğlu, Süleyman _9115754 |
|
| 245 | 1 | 0 |
_aMuvazaa ve inançlı işlem davaları / _cSüleyman Sapanoğlu. |
| 264 | 1 |
_aAnkara: _b[Publisher not identified], _c2015 |
|
| 300 |
_a537 pages ; _c24 cm. |
||
| 504 | _aIncludes bibliographical references. | ||
| 650 | 0 |
_aMuvazaa (Medeni hukuk) _zTürkiye _9124882 |
|
| 650 | 0 |
_aSimulation (Civil law) _zTurkey _9115758 |
|
| 942 |
_cBK _2lcc |
||
| 999 |
_c200425035 _d36371 |
||